000 01607cam a22003614a 4500
999 _c130433
_d130433
001 14175948
003 ARRUPE
005 20200319105640.0
008 051121s2006 tnu b 000 0 eng
010 _a 2005032033
020 _a0687494451 (binding: pbk. : alk. paper)
040 _aDLC
_cDLC
_dDLC
042 _apcc
050 0 0 _aBX8389.5
_b.L94 2006
082 0 0 _a287/.6089
_222
100 1 _aLyght, Ernest S.,
_d1934-
_949727
245 1 0 _aMany faces, one church :
_ba manual for cross-racial and cross-cultural ministry /
_cErnest S. Lyght, Glory E. Dharmaraj, Jacob S. Dharmaraj.
260 _aNashville :
_bAbingdon Press,
_cc2006.
300 _axiii, 139 p. ;
_c23 cm.
504 _aIncludes bibliographical references.
505 0 _aWhy? : cross-racial and cross-cultural ministry -- Who? : the players and their roles What? : resources for ministry.
610 2 0 _aUnited Methodist Church (U.S.)
_xClergy
_xAppointment, call, and election.
_949728
650 0 _aMethodist Church
_xClergy
_xAppointment, call, and election.
_949729
650 0 _aRace
_xReligious aspects
_xMethodist Church.
_949730
650 0 _aEthnicity
_xReligious aspects
_xMethodist Church.
_949731
650 0 _aCultural relations.
_97045
700 1 _aDharmaraj, Glory E.,
_d1945-
_949732
700 1 _aDharmaraj, Jacob S.
_949724
856 4 1 _3Table of contents only
_uhttp://www.loc.gov/catdir/toc/ecip064/2005032033.html
906 _a7
_bcbc
_corignew
_d1
_eecip
_f20
_gy-gencatlg
942 _2lcc
_cMONOGRAPH